[Event "XV Torneo Internacional de Ajedrez CIUD"]
[Site "Albacete -ESPAÑA"]
[Date "2007.09.04"]
[Round "5.15"]
[White "Lopez Quevedo, A."]
[Black "Garcia Moreno, C."]
[Result "1-0"]
[WhiteElo "2148"]
[BlackElo "2118"]
[PlyCount "79"]
[EventDate "2007.09.02"]

1. e4 e5 2. Nf3 Nc6 3. Nc3 Nf6 4. d4 exd4 5. Nxd4 Bb4 6. Nxc6 bxc6 7. Bd3 d5 8.
exd5 cxd5 9. O-O O-O 10. Bg5 c6 11. Qf3 Be7 12. Rae1 Re8 13. h3 Be6 14. Ne2 c5
15. Nf4 c4 16. Nxe6 fxe6 17. Be2 Ne4 18. Be3 Rc8 19. Qg4 Bc5 20. b3 cxb3 21.
axb3 Nf6 22. Qg3 Bxe3 23. Qxe3 Rxc2 24. Qxa7 Rc3 25. b4 Ne4 26. Rc1 d4 27. Rxc3
Nxc3 28. Bd3 e5 29. f3 Qg5 30. Qd7 Rd8 31. Qe6+ Kh8 32. Re1 Nd5 33. Rxe5 Qc1+
34. Re1 Qc8 35. Qxc8 Rxc8 36. b5 Nb4 37. Bf5 Rb8 38. Re4 Nc2 39. Rh4 Na3 40.
Rxd4 1-0

[Event "XV Torneo Internacional de Ajedrez CIUD"]
[Site "Albacete -ESPAÑA"]
[Date "2007.09.04"]
[Round "5.16"]
[White "Suba, M."]
[Black "Sanchez Sanchez, A."]
[Result "1-0"]
[WhiteElo "2525"]
[BlackElo "2056"]
[PlyCount "79"]
[EventDate "2007.09.02"]

1. c4 Nf6 2. Nf3 g6 3. Nc3 d5 4. cxd5 Nxd5 5. e4 Nxc3 6. dxc3 Qxd1+ 7. Kxd1 Bg7
8. Bf4 c6 9. Nd2 e5 10. Be3 Be6 11. Bc4 Bxc4 12. Nxc4 O-O 13. Kc2 b5 14. Na5
Rc8 15. Rad1 Bf6 16. a4 Be7 17. Nb3 a6 18. Bc5 Kf8 19. Rd3 Bxc5 20. Nxc5 Ke7
21. Rhd1 Ra7 22. a5 Rcc7 23. Rd6 Rc8 24. h4 h5 25. g3 Rcc7 26. f4 exf4 27. gxf4
Rc8 28. e5 Rcc7 29. R1d4 Rc8 30. Kd3 Rac7 31. Ke4 Kf8 32. b4 Kg7 33. Rd8 Kh7
34. f5 Kh6 35. Kf4 gxf5 36. Kxf5 Kg7 37. R4d6 Kh7 38. Ne4 Rxd8 39. Rxd8 Nd7 40.
Rxd7 1-0

[Event "XV Torneo Internacional de Ajedrez CIUD"]
[Site "Albacete -ESPAÑA"]
[Date "2007.09.04"]
[Round "5.17"]
[White "Alcaraz Ortega, J."]
[Black "Serna Lara, S."]
[Result "1/2-1/2"]
[WhiteElo "2103"]
[BlackElo "2270"]
[PlyCount "94"]
[EventDate "2007.09.02"]

1. d4 c5 2. d5 e5 3. dxe6 fxe6 4. e4 Nc6 5. Nc3 Nf6 6. Bg5 Be7 7. Nf3 O-O 8.
Bc4 d5 9. exd5 Na5 10. d6 Bxd6 11. Be2 Qe7 12. Ne4 Bc7 13. Nfd2 b6 14. Bf3 Bb7
15. O-O Rad8 16. Qe2 Nc6 17. c3 Ne5 18. Nxf6+ gxf6 19. Bxb7 fxg5 20. g3 Rf6 21.
Bg2 Rdf8 22. Rae1 Kh8 23. Qh5 Qg7 24. Qe2 Qg6 25. Nc4 Nxc4 26. Qxc4 Qf7 27. Re2
h5 28. Qe4 b5 29. c4 bxc4 30. Qxc4 h4 31. Rc2 Bb6 32. b3 Rd8 33. Qe2 hxg3 34.
fxg3 c4+ 35. Kh1 cxb3 36. axb3 Rf8 37. Qe5 Qg7 38. Rxf6 Qxf6 39. Qxf6+ Rxf6 40.
Be4 Rf1+ 41. Kg2 Re1 42. Bf3 Rb1 43. Re2 Rxb3 44. Rxe6 Kg7 45. h4 gxh4 46. gxh4
a5 47. Bc6 Re3 1/2-1/2

[Event "XV Torneo Internacional de Ajedrez CIUD"]
[Site "Albacete -ESPAÑA"]
[Date "2007.09.04"]
[Round "5.18"]
[White "Arce Tallada, I."]
[Black "Serrano Marhuenda, S."]
[Result "0-1"]
[WhiteElo "1993"]
[BlackElo "2134"]
[PlyCount "74"]
[EventDate "2007.09.02"]

1. e4 c5 2. Nc3 e6 3. Nf3 a6 4. d4 cxd4 5. Nxd4 Qc7 6. Bd3 Nf6 7. O-O Be7 8.
Kh1 b5 9. a3 Bb7 10. f4 d6 11. f5 e5 12. Nde2 Nbd7 13. Bg5 h6 14. Bh4 Bc6 15.
Qe1 Qb7 16. Ng3 h5 17. Rd1 a5 18. Nd5 Bxd5 19. exd5 Kf8 20. Qe2 Rb8 21. Be4 Rc8
22. Bf3 Rc4 23. Ne4 Nxe4 24. Bxe7+ Kxe7 25. Bxe4 Nf6 26. Bd3 Rc5 27. Qf2 h4 28.
Rfe1 Rxd5 29. c4 bxc4 30. Bxc4 Rxd1 31. Rxd1 h3 32. Bf1 Ng4 33. Qg3 Qe4 34. Bd3
hxg2+ 35. Kg1 Qd4+ 36. Kxg2 Rxh2+ 37. Qxh2 Qf2+ 0-1

[Event "XV Torneo Internacional de Ajedrez CIUD"]
[Site "Albacete -ESPAÑA"]
[Date "2007.09.04"]
[Round "5.19"]
[White "Villodre Miranda, J."]
[Black "Garcia Gata, J."]
[Result "0-1"]
[WhiteElo "1890"]
[BlackElo "2110"]
[PlyCount "64"]
[EventDate "2007.09.02"]

1. c4 c5 2. e4 Nc6 3. d3 g6 4. Nc3 Bg7 5. g3 e6 6. Bg2 Nge7 7. Nge2 d6 8. O-O
O-O 9. Rb1 b6 10. a3 Bb7 11. b4 Nd4 12. Nxd4 cxd4 13. Ne2 Rc8 14. Bb2 e5 15. g4
f5 16. gxf5 gxf5 17. f3 Ng6 18. Bh3 Rc7 19. Bxf5 Nh4 20. Ng3 Nxf5 21. Nxf5 Bc8
22. Ng3 Rcf7 23. Qd2 Bh3 24. Rf2 Rxf3 25. Rxf3 Rxf3 26. Rd1 Qh4 27. Qe1 Bh6 28.
Bc1 Bf4 29. Bxf4 exf4 30. Qe2 Qg4 31. Kh1 fxg3 32. hxg3 Rf1+ 0-1

[Event "XV Torneo Internacional de Ajedrez CIUD"]
[Site "Albacete -ESPAÑA"]
[Date "2007.09.04"]
[Round "5.20"]
[White "Khamrakulov, D."]
[Black "Moya Albadalejo, J."]
[Result "1-0"]
[WhiteElo "2322"]
[BlackElo "1976"]
[PlyCount "81"]
[EventDate "2007.09.02"]

1. e4 Nf6 2. Nc3 d5 3. exd5 Nxd5 4. Nf3 Nxc3 5. bxc3 g6 6. Bc4 Bg7 7. O-O O-O
8. Re1 c5 9. Ba3 Qa5 10. Qc1 Qc7 11. Qb2 b6 12. Bd5 Bb7 13. Bxb7 Qxb7 14. Bxc5
Nc6 15. a4 Qc7 16. Bb4 Rfe8 17. d4 Rac8 18. Re3 e6 19. Rae1 Red8 20. h3 Bh6 21.
Rd3 Nxb4 22. Qxb4 Qc4 23. Qb3 Bg7 24. Ne5 Bxe5 25. Rxe5 Rd5 26. Rxd5 Qxd5 27.
Kf1 Rc4 28. Qb5 Qc6 29. Qxc6 Rxc6 30. Re3 Rc4 31. a5 bxa5 32. Ke2 Rc6 33. Kd3
Kf8 34. c4 Ke7 35. c5 Rc8 36. Kc4 Kd7 37. Ra3 Kc6 38. Rxa5 Ra8 39. Ra6+ Kb7 40.
Kb5 Kc7 41. c6 1-0

[Event "XV Torneo Internacional de Ajedrez CIUD"]
[Site "Albacete - ESPAÑA"]
[Date "2007.09.05"]
[Round "6.1"]
[White "Burmakin, V."]
[Black "Hernandez Carmenates, H."]
[Result "1-0"]
[WhiteElo "2581"]
[BlackElo "2544"]
[PlyCount "157"]
[EventDate "2007.09.02"]

1. d4 Nf6 2. Nf3 e6 3. c4 b6 4. g3 Bb7 5. Bg2 Be7 6. Nc3 Ne4 7. Bd2 f5 8. d5
Bf6 9. Qc2 Qe7 10. Nxe4 fxe4 11. Qxe4 Bxb2 12. Rd1 Bf6 13. Nd4 Na6 14. O-O Nc5
15. Qg4 O-O 16. Bb4 Bxd4 17. Qxd4 e5 18. Qc3 a5 19. d6 axb4 20. dxe7 bxc3 21.
exf8=Q+ Kxf8 22. Bxb7 Nxb7 23. Rxd7 Rxa2 24. Rc1 Nc5 25. Rxc7 c2 26. Rxc5 bxc5
27. Kf1 Ke7 28. Ke1 Ke6 29. Kd2 Kf5 30. f3 e4 31. Rxc2 Ra3 32. Rc3 Ra4 33. Ke3
exf3 34. Kxf3 h5 35. h3 Rb4 36. Ke3 Ke5 37. Kd3 Rb1 38. Ke3 Rb4 39. h4 Kf5 40.
Kf3 g6 41. Kf2 Kg4 42. Rf3 g5 43. hxg5 Kxg5 44. Rf4 Ra4 45. e3 Ra1 46. Kf3 Rc1
47. Re4 Kf5 48. Rh4 Kg5 49. Rf4 Rg1 50. e4 Ra1 51. Ke3 Re1+ 52. Kf2 Rc1 53.
Rf5+ Kg4 54. Rxc5 Rc2+ 55. Ke3 Rc3+ 56. Kd4 Rxg3 57. Rc8 h4 58. c5 h3 59. c6 h2
60. Rh8 Rh3 61. Rxh3 Kxh3 62. c7 h1=Q 63. c8=Q+ Kg3 64. Qc7+ Kf3 65. Qf7+ Kg4
66. Qf5+ Kg3 67. e5 Qa1+ 68. Kd5 Qa8+ 69. Kd6 Qb8+ 70. Ke7 Qc7+ 71. Kf8 Qc5+
72. Kf7 Qd5+ 73. Kg7 Qc5 74. Kg6 Qc7 75. e6 Qc6 76. Qf6 Kg4 77. e7 Qe8+ 78. Kg7
Qc8 79. Qg6+ 1-0

[Event "XV Torneo Internacional de Ajedrez CIUD"]
[Site "Albacete - ESPAÑA"]
[Date "2007.09.05"]
[Round "6.2"]
[White "Pogorelov, R."]
[Black "Khamrakulov, I."]
[Result "0-1"]
[WhiteElo "2453"]
[BlackElo "2592"]
[PlyCount "52"]
[EventDate "2007.09.02"]

1. Nf3 Nf6 2. c4 b6 3. g3 Bb7 4. Bg2 e5 5. O-O e4 6. Nh4 d5 7. cxd5 Qxd5 8. Nc3
Qe6 9. d3 Nbd7 10. dxe4 Nxe4 11. Qc2 Ndc5 12. b4 Nxc3 13. Qxc3 Bxg2 14. Nxg2
Na4 15. Qxc7 Bxb4 16. Nf4 Qe4 17. Nd3 O-O 18. Qf4 Qxf4 19. Bxf4 Ba3 20. Rfd1
Nc3 21. Rd2 Rac8 22. f3 f6 23. h4 Rfd8 24. Kf1 h6 25. h5 Rc4 26. Ke1 Nd5 {....}
0-1

[Event "XV Torneo Internacional de Ajedrez CIUD"]
[Site "Albacete - ESPAÑA"]
[Date "2007.09.05"]
[Round "6.3"]
[White "Perez Mitjans, O."]
[Black "Movsziszian, K."]
[Result "1-0"]
[WhiteElo "2412"]
[BlackElo "2534"]
[PlyCount "50"]
[EventDate "2007.09.02"]

1. e4 g6 2. d4 Bg7 3. c4 d6 4. Nc3 Nf6 5. f4 c5 6. dxc5 Qa5 7. Bd3 Nfd7 8. Bd2
Nxc5 9. Be2 Nc6 10. Rb1 Qd8 11. b4 Ne6 12. Nf3 Nxf4 13. Bxf4 Bxc3+ 14. Bd2 Bg7
15. O-O O-O 16. Qe1 Nd4 17. Nxd4 Bxd4+ 18. Kh1 Be6 19. Qh4 Rc8 20. Rb3 Bg7 21.
g4 Qb6 22. Rh3 h5 23. gxh5 Bxh3 24. Qxh3 Qd4 25. hxg6 fxg6 {.....} 1-0

[Event "XV Torneo Internacional de Ajedrez CIUD"]
[Site "Albacete - ESPAÑA"]
[Date "2007.09.05"]
[Round "6.4"]
[White "Rivas Pastor, M."]
[Black "Guerra Bastida, D."]
[Result "1/2-1/2"]
[WhiteElo "2510"]
[BlackElo "2370"]
[PlyCount "117"]
[EventDate "2007.09.02"]

1. c4 Nf6 2. Nc3 e5 3. e3 c6 4. Nf3 d6 5. d4 Nbd7 6. Be2 Be7 7. Qc2 O-O 8. b3
a6 9. O-O b5 10. Rd1 Qc7 11. Ba3 Rb8 12. Bb2 b4 13. Na4 c5 14. dxc5 dxc5 15. a3
bxa3 16. Rxa3 e4 17. Nd2 Bd6 18. h3 Re8 19. Nc3 Bb7 20. Raa1 Rbd8 21. Nd5 Nxd5
22. cxd5 Bxd5 23. Rxa6 Nb8 24. Ra4 Nc6 25. Bc3 Qe7 26. Bc4 Bxc4 27. Rxc4 f5 28.
Ra4 Be5 29. Ba5 Nxa5 30. Rxa5 Rd3 31. Nc4 Red8 32. Rxd3 exd3 33. Qd2 Bf6 34.
Qc1 f4 35. Ra2 fxe3 36. fxe3 h6 37. Kh1 Kh8 38. Rd2 Qe4 39. Rd1 Bg5 40. Qd2 Qb7
41. Qa2 Bf6 42. Qb1 Qe4 43. Qc1 Be5 44. Qd2 Bb8 45. Qf2 Qb7 46. Nd2 Qc7 47. Nf3
Qf7 48. Qb2 Qe6 49. b4 c4 50. Qc3 Rf8 51. Rf1 Qxe3 52. Qxc4 Qe2 53. Qc1 Bg3 54.
b5 Bf2 55. Ng1 Qe8 56. Qa3 d2 57. Qd3 Bxg1 58. Rxg1 Qd8 59. Qxd8 1/2-1/2

[Event "XV Torneo Internacional de Ajedrez CIUD"]
[Site "Albacete - ESPAÑA"]
[Date "2007.09.05"]
[Round "6.6"]
[White "Babaev, R."]
[Black "Granero Roca, A."]
[Result "1/2-1/2"]
[WhiteElo "2488"]
[BlackElo "2348"]
[PlyCount "47"]
[EventDate "2007.09.02"]

1. e4 c5 2. Nf3 Nc6 3. d4 cxd4 4. Nxd4 g6 5. c4 Nf6 6. Nc3 d6 7. Nc2 Bg7 8. Be2
O-O 9. O-O a5 10. Be3 a4 11. Na3 Qa5 12. Rc1 Nd7 13. Nab5 Nc5 14. f4 Na7 15. e5
Nxb5 16. cxb5 Be6 17. Nd5 Bxd5 18. Qxd5 b6 19. exd6 Rad8 20. f5 Rxd6 21. Qc4
Qa8 22. fxg6 hxg6 23. Rcd1 Bxb2 24. Bxc5 1/2-1/2

[Event "XV Torneo Internacional de Ajedrez CIUD"]
[Site "Albacete - ESPAÑA"]
[Date "2007.09.05"]
[Round "6.7"]
[White "Vitor, A."]
[Black "Castellanos Rodriguez, R."]
[Result "1/2-1/2"]
[WhiteElo "2373"]
[BlackElo "2471"]
[PlyCount "36"]
[EventDate "2007.09.02"]

1. b3 c5 2. Bb2 Nc6 3. e3 e5 4. Bb5 Nge7 5. Ne2 g6 6. Na3 d6 7. Bxc6+ Nxc6 8.
Nc4 a6 9. a4 Bg7 10. d4 exd4 11. exd4 O-O 12. d5 Bxb2 13. Nxb2 Ne5 14. O-O Bg4
15. h3 Bxe2 16. Qxe2 Qf6 17. Nc4 Rad8 18. Rfe1 Nxc4 1/2-1/2

[Event "XV Torneo Internacional de Ajedrez CIUD"]
[Site "Albacete - ESPAÑA"]
[Date "2007.09.05"]
[Round "6.8"]
[White "Guliev, L."]
[Black "Lopez Quevedo, A."]
[Result "1-0"]
[WhiteElo "2454"]
[BlackElo "2148"]
[PlyCount "95"]
[EventDate "2007.09.02"]

1. e4 c5 2. Nf3 e6 3. d4 cxd4 4. Nxd4 Nf6 5. Bd3 Nc6 6. Nxc6 bxc6 7. O-O d5 8.
Nd2 Be7 9. c4 O-O 10. Qc2 h6 11. b3 Bb7 12. Bb2 a5 13. a3 Qb6 14. Rae1 Rfd8 15.
Qd1 Nd7 16. exd5 cxd5 17. Bb1 Bf6 18. Qc2 Bxb2 19. Qxb2 Ba6 20. Re3 dxc4 21.
Qc2 Nf6 22. Nxc4 Qc7 23. Rfe1 a4 24. Ne5 Qxc2 25. Bxc2 axb3 26. Bxb3 Rd2 27. h3
Bb5 28. Rc1 Nd7 29. Nf3 Rb2 30. Nd4 Rxa3 31. Rc8+ Nf8 32. Nxe6 Raxb3 33. Rxf8+
Kh7 34. Rxf7 Rxe3 35. Rxg7+ Kh8 36. fxe3 Rb1+ 37. Kh2 Bc4 38. Rg6 Re1 39. Rxh6+
Kg8 40. e4 Rxe4 41. Rg6+ Kh8 42. Ng5 Re2 43. Nf3 Ra2 44. h4 Kh7 45. h5 Be2 46.
Ng5+ Kh8 47. h6 Bc4 48. Kh3 1-0

[Event "XV Torneo Internacional de Ajedrez CIUD"]
[Site "Albacete - ESPAÑA"]
[Date "2007.09.05"]
[Round "6.9"]
[White "Minzer, C."]
[Black "Valmana Canto, J."]
[Result "1-0"]
[WhiteElo "2410"]
[BlackElo "2346"]
[PlyCount "153"]
[EventDate "2007.09.02"]

1. d4 d5 2. Nf3 Nf6 3. c4 c6 4. cxd5 cxd5 5. Nc3 a6 6. Bf4 Nc6 7. Rc1 Bf5 8. e3
Rc8 9. Be2 e6 10. h3 Bd6 11. Bxd6 Qxd6 12. O-O O-O 13. Na4 Nd7 14. a3 e5 15. b4
Rfe8 16. Nc5 Rc7 17. Nxd7 Rxd7 18. dxe5 Nxe5 19. Qd4 Nxf3+ 20. Bxf3 Be4 21.
Bxe4 dxe4 22. Qxd6 Rxd6 23. Rfd1 Rxd1+ 24. Rxd1 Kf8 25. g4 Ke7 26. Rd4 Kf6 27.
Kg2 g5 28. Kg3 Re6 29. h4 h6 30. Rc4 b5 31. Rc7 Re7 32. Rc8 Re6 33. h5 Rd6 34.
Kg2 Ke6 35. Kf1 Kd7 36. Rf8 Ke7 37. Ra8 Kd7 38. Ke2 Ke7 39. f3 exf3+ 40. Kxf3
Re6 41. Ra7+ Kf6 42. Ke2 Rd6 43. e4 Ke6 44. Ke3 Rc6 45. Kd4 Rc4+ 46. Kd3 Rc6
47. Ra8 Rd6+ 48. Ke3 Rc6 49. Re8+ Kd7 50. Rh8 Re6 51. Kd4 Rd6+ 52. Ke5 Re6+ 53.
Kf5 Ke7 54. Ra8 Kd7 55. Ra7+ Ke8 56. Rc7 Kf8 57. e5 Ke8 58. Ke4 Rb6 59. Kd5 Re6
60. Rb7 Kf8 61. Rd7 Ke8 62. Rb7 Kf8 63. Rb8+ Ke7 64. Ra8 Rb6 65. Ra7+ Ke8 66.
Rc7 Re6 67. Rb7 Kf8 68. Rd7 Ke8 69. Rd6 Rxd6+ 70. Kxd6 Kd8 71. e6 Ke8 72. Ke5
Ke7 73. exf7 Kxf7 74. Kf5 Ke7 75. Kg6 Ke6 76. Kxh6 Kf6 77. Kh7 1-0

[Event "XV Torneo Internacional de Ajedrez CIUD"]
[Site "Albacete - ESPAÑA"]
[Date "2007.09.05"]
[Round "6.10"]
[White "Espinosa Aranda, A."]
[Black "Suba, M."]
[Result "0-1"]
[WhiteElo "2184"]
[BlackElo "2525"]
[PlyCount "152"]
[EventDate "2007.09.02"]

1. e4 c5 2. Nf3 e6 3. d4 cxd4 4. Nxd4 Nf6 5. Nc3 d6 6. g4 h6 7. Bg2 Nc6 8. h3
Bd7 9. Be3 a6 10. Qe2 Nxd4 11. Bxd4 e5 12. Be3 Rc8 13. O-O Be7 14. Kh1 Be6 15.
Nd5 Nxd5 16. exd5 Bd7 17. c4 O-O 18. f4 exf4 19. Bxf4 Re8 20. Rac1 b5 21. b3
bxc4 22. bxc4 Bg5 23. Qf3 f6 24. Bxg5 hxg5 25. Qd3 Re5 26. Rfe1 Qe7 27. Rxe5
Qxe5 28. Qc3 Qxc3 29. Rxc3 Kf8 30. Kg1 a5 31. Kf2 a4 32. Ke3 Re8+ 33. Kd2 Rb8
34. Be4 Ke7 35. Bc2 Kf7 36. Rf3 g6 37. Kc3 Kg7 38. Re3 Kf7 39. Rf3 Rb7 40. Kd2
Kg7 41. Kc3 Rb6 42. a3 f5 43. gxf5 gxf5 44. Kd4 Kf6 45. c5 dxc5+ 46. Kxc5 Rb2
47. Kd6 Rxc2 48. Kxd7 Rb2 49. d6 Rb3 50. Rxb3 axb3 51. Kc6 b2 52. d7 b1=Q 53.
d8=Q+ Ke5 54. Qd6+ (54. Qxg5) 54... Ke4 55. Qb4+ Qxb4 56. axb4 f4 57. b5 f3 58.
b6 f2 59. b7 f1=Q 60. b8=Q Qxh3 61. Qe8+ Kf3 62. Qf7+ Kg3 63. Qg6 Qc8+ 64. Kd5
Qd7+ 65. Ke5 Qb5+ 66. Kf6 Kf4 67. Qh5 Qe5+ 68. Kf7 g4 69. Qh1 g3 70. Qh4+ Kf3
71. Qh1+ g2 72. Qh3+ Qg3 73. Qh5+ Qg4 74. Qd5+ Qe4 75. Qd1+ Kg3 76. Qg1 Qf3+
0-1

[Event "XV Torneo Internacional de Ajedrez CIUD"]
[Site "Albacete - ESPAÑA"]
[Date "2007.09.05"]
[Round "6.11"]
[White "Serrano Marhuenda, S."]
[Black "Vassallo, M."]
[Result "0-1"]
[WhiteElo "2134"]
[BlackElo "2387"]
[PlyCount "120"]
[EventDate "2007.09.02"]

1. e4 d6 2. d4 g6 3. Nc3 Bg7 4. Be3 a6 5. a4 Nd7 6. Bc4 e6 7. Nf3 Ne7 8. O-O
O-O 9. Qd2 b6 10. Rfe1 Bb7 11. Bh6 Nf6 12. Qg5 d5 13. Bxg7 Kxg7 14. e5 Nfg8 15.
Bf1 c5 16. Ne2 Nc6 17. Qd2 Qd7 18. Ng3 f6 19. exf6+ Rxf6 20. Ne5 Nxe5 21. Rxe5
Raf8 22. f3 Ne7 23. c3 Nc6 24. Ree1 Qd6 25. Rad1 Rf4 26. Qe3 Bc8 27. Ne2 R4f7
28. Ng3 Qf4 29. Qf2 Qd6 30. dxc5 Qxc5 31. Qxc5 bxc5 32. c4 Nd4 33. Rc1 Rc7 34.
cxd5 exd5 35. Re5 Rd8 36. Ne2 Kf6 37. f4 Ne6 38. g3 g5 39. Nc3 gxf4 40. Rxd5
Bb7 41. Rxd8 Nxd8 42. gxf4 Ne6 43. Ne2 Rd7 44. Rc2 Rd1 45. Kf2 Be4 46. Rc1 Rd3
47. Nc3 Rd4 48. Ke3 Bb7 49. Bh3 Nxf4 50. Bf1 Rb4 51. Rc2 Ke5 52. a5 Ne6 53. Bh3
Nf4 54. Bf1 h6 55. Rd2 Rd4 56. b3 Ne6 57. Bc4 Ng5 58. Rf2 Rh4 59. Na4 Rh3+ 60.
Ke2 Ne4 0-1

[Event "XV Torneo Internacional de Ajedrez CIUD"]
[Site "Albacete - ESPAÑA"]
[Date "2007.09.05"]
[Round "6.12"]
[White "Saldano, H."]
[Black "Fernandez Barrera, V."]
[Result "1/2-1/2"]
[WhiteElo "2451"]
[BlackElo "2204"]
[PlyCount "156"]
[EventDate "2007.09.02"]

1. c4 e5 2. Nc3 Nf6 3. Nf3 Nc6 4. g3 d5 5. cxd5 Nxd5 6. Bg2 Nb6 7. O-O Be7 8.
Rb1 O-O 9. b4 f6 10. d3 Be6 11. b5 Nd4 12. Nd2 c6 13. bxc6 Nxc6 14. Nf3 Qd7 15.
Be3 Nd5 16. Nxd5 Bxd5 17. Qa4 b6 18. Rfc1 Rac8 19. Nd2 Bxg2 20. Kxg2 Qd5+ 21.
f3 Rfd8 22. Qc4 Qxc4 23. Nxc4 Nd4 24. Bxd4 Rxd4 25. a4 Rd5 26. Rc3 Rdc5 27.
Rcb3 R8c7 28. Rb5 Rxb5 29. axb5 Kf7 30. f4 e4 31. Kf2 Bc5+ 32. Ke1 exd3 33.
exd3 h5 34. Kd2 Rd7 35. Ra1 Kg6 36. Ne3 Re7 37. Nd5 Rd7 38. Ne3 Re7 39. Nc2 Rd7
40. Ra4 Bg1 41. h3 Rd5 42. Rb4 f5 43. Ne3 Rc5 44. h4 Bxe3+ 45. Kxe3 Kf6 46. Rb2
Ke6 47. Ra2 Rxb5 48. Rxa7 g6 49. Rg7 Kf6 50. Rc7 Rc5 51. Rb7 Rc6 52. Kd4 Ke6
53. Rb8 Rd6+ 54. Kc4 Rc6+ 55. Kb5 Rc5+ 56. Kxb6 Rc1 57. Re8+ Kd7 58. Rg8 Rd1
59. Rg7+ Ke8 60. Rxg6 Rxd3 61. Rg5 Ke7 62. Kc5 Kf6 63. Kc4 Re3 64. Kd4 Ra3 65.
Rg8 Rb3 66. Rf8+ Kg6 67. Rd8 Kf6 68. Rd6+ Kg7 69. Ke5 Rxg3 70. Kxf5 Rg4 71.
Rd7+ Kg8 72. Ke5 Rxh4 73. f5 Ra4 74. Kf6 Ra6+ 75. Kg5 Kf8 76. Kxh5 Rb6 77. Kg5
Ra6 78. f6 Ra1 1/2-1/2

[Event "XV Torneo Internacional de Ajedrez CIUD"]
[Site "Albacete - ESPAÑA"]
[Date "2007.09.05"]
[Round "6.13"]
[White "Khamrakulov, D."]
[Black "Campayo Hernandez, J."]
[Result "1-0"]
[WhiteElo "2322"]
[BlackElo "2132"]
[PlyCount "63"]
[EventDate "2007.09.02"]

1. e4 e6 2. d4 d5 3. Nd2 Nf6 4. e5 Nfd7 5. Bd3 c5 6. c3 Nc6 7. Ne2 Qb6 8. Nf3
cxd4 9. cxd4 f6 10. exf6 Nxf6 11. O-O Bd6 12. Nc3 a6 13. Re1 O-O 14. a3 e5 15.
dxe5 Ng4 16. Be3 Nxe3 17. Rxe3 d4 18. Na4 Qd8 19. Re4 Bf5 20. exd6 Bxe4 21.
Bxe4 Qxd6 22. Ng5 Qf4 23. Bxh7+ Kh8 24. Nh3 Qe5 25. Bd3 b5 26. Qg4 bxa4 27.
Qh4+ Kg8 28. Bc4+ Rf7 29. Ng5 Raa7 30. Qh7+ Kf8 31. Qh8+ Ke7 32. Nxf7 1-0

[Event "XV Torneo Internacional de Ajedrez CIUD"]
[Site "Albacete - ESPAÑA"]
[Date "2007.09.05"]
[Round "6.14"]
[White "Jimenez Moreno, G."]
[Black "Martinez Rodriguez, P."]
[Result "0-1"]
[WhiteElo "2014"]
[BlackElo "2304"]
[PlyCount "52"]
[EventDate "2007.09.02"]

1. e4 c6 2. d4 d5 3. exd5 cxd5 4. c4 Nf6 5. Nc3 e6 6. Nf3 Bb4 7. cxd5 Nxd5 8.
Bd2 Nc6 9. Bd3 O-O 10. O-O Nf6 11. a3 Be7 12. Bf4 b6 13. Rc1 Bb7 14. Bb1 Nd5
15. Qd3 g6 16. Be5 Nxe5 17. dxe5 Nxc3 18. Qxc3 Rc8 19. Qe3 Rxc1 20. Rxc1 Bc5
21. Qe2 Bxf3 22. Qxf3 Qd2 23. Qc3 Bxf2+ 24. Kh1 Qxc3 25. bxc3 Be3 26. Rd1 Bf4
0-1

[Event "XV Torneo Internacional de Ajedrez CIUD"]
[Site "Albacete - ESPAÑA"]
[Date "2007.09.05"]
[Round "6.15"]
[White "Serna Lara, S."]
[Black "Dura Olmos, G."]
[Result "1/2-1/2"]
[WhiteElo "2270"]
[BlackElo "2086"]
[PlyCount "152"]
[EventDate "2007.09.02"]

1. d4 Nf6 2. c4 g6 3. Nc3 Bg7 4. e4 d6 5. Be2 O-O 6. Nf3 e5 7. O-O Nc6 8. d5
Ne7 9. a4 Nd7 10. a5 f5 11. Nd2 Nf6 12. b4 f4 13. c5 g5 14. f3 Ng6 15. Nc4 Rf7
16. Ba3 Bf8 17. Na4 g4 18. b5 g3 19. h3 Bxh3 20. gxh3 Qd7 21. Rf2 gxf2+ 22.
Kxf2 Qxh3 23. Ke1 Bh6 24. Bf1 Qg3+ 25. Kd2 Nh4 26. cxd6 Nxf3+ 27. Kc1 cxd6 28.
Nxd6 Rc7+ 29. Kb1 Nd4 30. Nc5 b6 31. Nd3 f3 32. Bb2 bxa5 33. Nf5 Qh2 34. Nxd4
exd4 35. Qxf3 Qc2+ 36. Ka2 Qc4+ 37. Kb1 Rf8 38. Qg2+ Rg7 39. Qh3 Rg1 40. Nc1
Qxf1 41. Qxh6 Qd3+ 42. Ka2 Qc4+ 43. Kb1 Qd3+ 44. Ka2 Qxe4 45. Nb3 Rxa1+ 46.
Kxa1 Qxd5 47. Bxd4 a4 48. Bxf6 Rxf6 49. Qxf6 Qd1+ 50. Nc1 Qxc1+ 51. Ka2 Qc2+
52. Ka1 Qd1+ 53. Ka2 Qb3+ 54. Ka1 Qa3+ 55. Kb1 Qb4+ 56. Ka2 Qc4+ 57. Ka1 Qxb5
58. Qd8+ Kf7 59. Qc7+ Ke6 60. Qxh7 Qe5+ 61. Ka2 Qd5+ 62. Ka1 Qd4+ 63. Ka2 Qc4+
64. Ka1 Qc3+ 65. Ka2 Qc4+ 66. Ka1 Qd4+ 67. Ka2 Qd5+ 68. Ka1 a5 69. Qg8+ Kd6 70.
Qxd5+ Kxd5 71. Ka2 Kc4 72. Ka3 Kb5 73. Kb2 Kb4 74. Ka2 a3 75. Kb1 Kb3 76. Ka1
a2 1/2-1/2

[Event "XV Torneo Internacional de Ajedrez CIUD"]
[Site "Albacete - ESPAÑA"]
[Date "2007.09.05"]
[Round "6.16"]
[White "Garcia Romero, B."]
[Black "Alcaraz Ortega, J."]
[Result "1-0"]
[WhiteElo "2258"]
[BlackElo "2103"]
[PlyCount "111"]
[EventDate "2007.09.02"]

1. d4 d5 2. Nf3 c6 3. c4 Nf6 4. Nc3 a6 5. c5 Nbd7 6. Bf4 Nh5 7. Bd2 g6 8. e4
dxe4 9. Nxe4 Bg7 10. Bc4 b5 11. Bxf7+ Kf8 12. Neg5 Ndf6 13. Ne5 Qxd4 14. Bc3
Qxd1+ 15. Rxd1 Bf5 16. Be6 Bh6 17. Bxf5 Bxg5 18. Bd7 Ng7 19. f4 Bxf4 20. O-O
Bg5 21. Bxc6 Rc8 22. Nd7+ Kg8 23. Bxf6 Be3+ 24. Kh1 Rxc6 25. Bxe7 Nf5 26. Bf6
Rxf6 27. Nxf6+ Kg7 28. Nd7 b4 29. g4 Nh6 30. Ne5 Re8 31. Rd7+ Kg8 32. Rd5 Kg7
33. c6 Rc8 34. Rd7+ Kg8 35. c7 Bb6 36. Nc6 Rxc7 37. Ne7+ Kh8 38. Rxc7 Bxc7 39.
h3 Kg7 40. Nd5 Be5 41. Nxb4 Bxb2 42. Nxa6 Nf7 43. Nc7 Ng5 44. Kg2 h5 45. h4 Ne4
46. Ne6+ Kg8 47. g5 Nd6 48. a4 Nf5 49. Rxf5 gxf5 50. a5 Bc1 51. Kf3 f4 52. a6
Be3 53. Nxf4 Bg1 54. Nxh5 Kf7 55. Nf4 Ba7 56. h5 1-0

[Event "XV Torneo Internacional de Ajedrez CIUD"]
[Site "Albacete - ESPAÑA"]
[Date "2007.09.05"]
[Round "6.18"]
[White "Quidiello, R."]
[Black "Lopez Quevedo, E."]
[Result "1-0"]
[WhiteElo "2207"]
[BlackElo "2007"]
[PlyCount "51"]
[EventDate "2007.09.02"]

1. d4 d5 2. c4 e6 3. Nc3 c6 4. Nf3 dxc4 5. a4 Bb4 6. e3 b5 7. Bd2 a5 8. Be2 Nf6
9. O-O O-O 10. Qc2 Bxc3 11. bxc3 Nbd7 12. e4 Re8 13. Bg5 Qc7 14. Nd2 Nf8 15. f4
Qa7 16. Kh1 Bd7 17. Bh4 c5 18. axb5 cxd4 19. Bxc4 Ng4 20. Qd3 Ne3 21. Rfb1 Nxc4
22. Nxc4 Reb8 23. Rxa5 Qb7 24. Nd6 Qb6 25. Rxa8 Rxa8 26. Qxd4 1-0

[Event "XV Torneo Internacional de Ajedrez CIUD"]
[Site "Albacete - ESPAÑA"]
[Date "2007.09.05"]
[Round "6.19"]
[White "Picazo Lopez, J."]
[Black "Machado Hernandez, J."]
[Result "1-0"]
[WhiteElo "2198"]
[BlackElo "2022"]
[PlyCount "77"]
[EventDate "2007.09.02"]

1. d4 Nf6 2. c4 c5 3. d5 d6 4. Nc3 g6 5. e4 Bg7 6. f4 O-O 7. Nf3 Ne8 8. Bd3 f5
9. exf5 Bxf5 10. Bxf5 Rxf5 11. O-O Nc7 12. Qe2 b5 13. cxb5 Qd7 14. a4 a6 15. b6
Nxd5 16. Nxd5 Rxd5 17. Qe4 e6 18. Ng5 Nc6 19. Nxe6 Rf5 20. Nxg7 Kxg7 21. b4 Re8
22. Bb2+ Kf8 23. Qc4 Nxb4 24. Rae1 Qf7 25. Rxe8+ Kxe8 26. Re1+ Kd7 27. Qe4 d5
28. b7 Nc6 29. Qe2 Rxf4 30. Qxa6 Re4 31. Rxe4 dxe4 32. Qxc6+ Kxc6 33. b8=Q Qa2
34. Qe8+ Kb6 35. Qb5+ Kc7 36. Be5+ Kd8 37. Bf6+ Kc7 38. Qxc5+ Kd7 39. Qd4+ 1-0

[Event "XV Torneo Internacional de Ajedrez CIUD"]
[Site "Albacete - ESPAÑA"]
[Date "2007.09.05"]
[Round "6.20"]
[White "Garcia Roman, J."]
[Black "Llavador Moron, J."]
[Result "0-1"]
[WhiteElo "2005"]
[BlackElo "2194"]
[PlyCount "84"]
[EventDate "2007.09.02"]

1. c4 Nf6 2. Nc3 g6 3. b3 Bg7 4. Bb2 O-O 5. Nf3 d6 6. e3 e5 7. Be2 Nc6 8. d4 a6
9. O-O Bf5 10. a3 exd4 11. exd4 d5 12. Ne5 Re8 13. Nxc6 bxc6 14. c5 Ne4 15. Bf3
Qh4 16. g3 Qf6 17. Ne2 Nxc5 18. Rc1 Nd3 19. Rc2 Nxb2 20. Rxb2 Bh3 21. Bg2 Bg4
22. f3 Bd7 23. b4 a5 24. Qd2 axb4 25. Qxb4 Bf8 26. Qb7 Bd6 27. Rd1 Rxa3 28. g4
Qh4 29. Ng3 Bxg3 30. hxg3 Qxg3 31. Rb3 Re1+ 32. Rxe1 Qxe1+ 33. Kh2 Ra1 34. Kh3
h5 35. Qxc7 hxg4+ 36. fxg4 Qe6 37. Qd8+ Kg7 38. Bf3 Qe8 39. Qg5 Ra2 40. Kg3
Qe1+ 41. Kh3 Qf1+ 42. Kg3 Qg1+ 0-1